000 00197 a2200097 4500
020 _a9780071448192
041 _aeng
100 _aTERRY EDDY
245 _aLEARNING CONSTRUCTION SPANGLISH
942 _cBK
999 _c4287
_d4287